000
00244nam a2200097Ia 4500
008
240331s9999 xx 000 0 und d
082
_b
OCO
100
_a
O'Connell, H
245
0
_a
Dedicated lives :
_b
women organising for a fairer world
942
_c
L
999
_c
1816
_d
1816